LEADER 01146nam a2200313 i 4500 001 991000190779707536 005 20020506110611.0 008 940407s1974 it ||| | ita 020 $a8845300226 035 $ab10042891-39ule_inst 035 $aLE02614724$9ExL 040 $aDip.to Ingegneria dell'Innovazione$bita 082 0 $a629 100 1 $aDi Stefano, Joseph J. $0331096 245 10$aRegolazione automatica /$cDi Stefano, Stubberud, Williams 260 $aMilano :$bEtas libri,$c1974 300 $a371 p. :$b27 cm 490 0 $aSchaum. Teoria e problemi ;$v7 500 $aTit. orig. : Freedback and control systems 650 4$aControllo automatico - Strumenti retroazionati 700 1 $aStubberud, Allen R. 700 1 $aWilliams, Ivan J. 740 0 $aFeedback and control systems [Tit. orig.] 907 $a.b10042891$b17-02-17$c31-05-02 912 $a991000190779707536 945 $aLE026 629 DIS 01.01 1993$g1$i2026000002330$lle026$o-$pE0.00$q-$rl$s- $t4$u33$v9$w33$x0$y.i10050188$z31-05-02 996 $aRegolazione automatica$9107705 997 $aUNISALENTO 998 $ale026$b01-01-94$cm$da $e-$fita$git $h0$i1 LEADER 02544cam a22003497i 4500 001 991003144959707536 005 20250430125951.0 008 950520s1631 it a b 000 0 lat d 035 $ab14287821-39ule_inst 035 $aCICOGNARA-4013$9ExL 040 $aBibl. Interfacoltà T. Pellegrino$bita 100 1 $aScheiner, Christoph,$cS.I.$d<1575-1650>$0717545 245 10$aChristophori Scheiner ... Pantographice, sev Ars delineandi res quaslibet per parallelogrammum lineare seu cavum, mechanicum, mobile:$blibellis duobus explicata, & demonstrationibus geometricis illustrata ... quorum prior epipedographicen, siue planorum. Posterior stereographicen, seu solidorum aspectabilium viuam imitationem atque proiectionem edocet. 246 3 $aPantographice, sev Ars delineandi res quaslibet per parallelogrammum lineare seu cavum, mechanicum, mobile:$blibellis duobus explicata, & demonstrationibus geometricis illustrata ... quorum prior epipedographicen, siue planorum. Posterior stereographicen, seu solidorum aspectabilium viuam imitationem atque proiectionem edocet. 246 3 $aPantographice, seu Ars delineandi res quaslibet per parallelogrammum lineare seu cavum, mechanicum, mobile:$blibellis duobus explicata, & demonstrationibus geometricis illustrata ... quorum prior epipedographicen, sive planorum. Posterior stereographicen, seu solidorum aspectabilium vivam imitationem atque proiectionem edocet. 246 13$aArs nova delineandi. 260 $aRomae :$bex typographia Ludovici Grignani,$c1631. 300 $a[12], 108 p. :$bill.; $c4° (23 cm). 500 $aTit. dell'occhietto: "Ars nova delineandi". 500 $aFront. con incisione 500 $aFront. agg. inciso. 500 $aIniziali xilografiche. 500 $aIncisioni calcografiche. 500 $aRiproduzione in microfiche dell'originale conservato presso la Biblioteca Apostolica Vaticana 787 18$iLeopoldo Cicognara Program :$tBiblioteca Cicognara$h[microform] : literary sources in the history of art and kindred subjects 787 18$tCatalogo ragionato dei libri d'arte e d'antichità / Leopoldo Cicognara 907 $a.b14287821$b01-04-22$c28-07-16 912 $a991003144959707536 945 $aLE002 SB Raccolta Cicognara, mcrf 658$g0$lle002$pE0.00$rn$so $t11$u0$v0$w0$x0$y.i1575912x$z28-07-16 996 $aChristophori Scheiner ... Pantographice, sev Ars delineandi res quaslibet per parallelogrammum lineare seu cavum, mechanicum, mobile$91390711 997 $aUNISALENTO 998 $ale002$b28-07-16$cm$dg $e-$flat$git $h0$i1